000
00291nam a22001337a 4500
008
170616b xxu||||| |||| 00| 0 eng d
020
_a
9780618562497
041
_a
eng
080
_a
328
100
_a
20
101
_a
SHP
245
_a
AMERICAN GOVERNMENT
_c
WILSON.J.Q
942
_2
udc
_c
BK
999
_c
17925
_d
17925